000 00635nam a22002537a 4500
003 UA-OsUOA
001 20800
007 ta
008 20031104b un ||||| |||| 00| 0 ukr d
100 _aФукс Э.
090 _a75.03
_bФ94
942 _cBK
040 _aUA-OsUOA
_brus
_cUA-OsUOA
_dUA-OsUOA
245 _aИллюстрирированная история эротического искусства
300 _a448 с.
955 _a0
041 _arus
080 _a75.03
020 _a5-250-02466-1
260 _aМосква
_bРеспублика
_c1995
044 _aRU
650 7 _2UDC
999 _c306984
_d306984